000 00557nmm a2200157Ia 4500
008 251105s9999||||xx |||||||||||||||||und||
020 _a9788492511259
041 _aspa
100 _aVV.AA.
245 0 _aRetos globales, respuestas locales : políticas de inmigración e integración y acción local en la Unión Europea :
_b VI Seminario Inmigración y Europa
264 _a[Madrid, España] :
_bCIDOB,
_c2010
300 _a114 páginas
650 _aEmigration and immigration
856 _uhttps://public.digitaliapublishing.com/a/23516
942 _cCF
999 _c88859
_d88859